Biochemical investigations on tapping panel dryness in Hevea brasiliensis (Record no. 52597)

MARC details
000 -LEADER
fixed length control field 00610nam a2200169Ia 4500
100 ## - MAIN ENTRY--AUTHOR NAME
Personal name Krishnakumar R.
245 #0 - TITLE STATEMENT
Title Biochemical investigations on tapping panel dryness in Hevea brasiliensis
260 ## - PUBLICATION, DISTRIBUTION, ETC. (IMPRINT)
Name of publisher National Symposium on Current Trends in Plant Biochemistry and Biotechnology, 23-25 February 1996, CCS Haryana Agricultural University, India
Year of publication 1996
650 ## - SUBJECT ADDED ENTRY--TOPICAL TERM
Topical Term Biochemical composition
650 ## - SUBJECT ADDED ENTRY--TOPICAL TERM
Topical Term Tapping panel dryness
700 ## - ADDED ENTRY--PERSONAL NAME
Personal name Gopalakrishnan J.
700 ## - ADDED ENTRY--PERSONAL NAME
Personal name Sethuraj M.R.
700 ## - ADDED ENTRY--PERSONAL NAME
Personal name Sreelatha S.
700 ## - ADDED ENTRY--PERSONAL NAME
Personal name Thomas M.
942 ## - ADDED ENTRY ELEMENTS (KOHA)
Koha item type Bibliography STAF
Holdings
Withdrawn status Lost status Damaged status Not for loan Home library Current library Date acquired Koha item type
      Bibliography RRII Library RRII Library 09/04/2014 Bibliography STAF